=LDR 00000nam 2200000 4500 =001 001084 =005 20250713094317 =035 ##$$a 0010-0725000966 =007 ta =008 250713################a##########0#ind## =020 ##$$a 978-602-244-289-9 =082 ##$$a Cc by-ny 4.0 =084 ##$$a Cc by-ny 4.0 IME m =100 #$$a Imelda naomi =245 1#$$a Murai bintik /$c Imelda naomi =250 ##$$a Cetakan pertama =260 ##$$a Jakarta pusat :$b Pusat perbukuan,$c 2019 =300 ##$$a 48hlm. : $b Ilus.